Systém pre automatickú výmenu roztokov v elektrofyziologickom experimente = Automatic Solution Exchange System for Electrophysiological Experiments

Gespeichert in:
Bibliographische Detailangaben
1. Verfasser: Jendruch, Matúš, 1980- (Verfasst von)
Weitere Verfasser: Novák, Pavel (Betreuung Doktorarbeit), Záhradník, Ivan (Betreuung Doktorarbeit), Cocherová, Elena, 1970- (Betreuung Doktorarbeit)
Format: Manuskript Buch
Sprache:Slowakisch
Veröffentlicht: Bratislava : STU v Bratislave FEI, 2007
Schlagworte:
Tags: Tag hinzufügen
Keine Tags, Fügen Sie das erste Tag hinzu!

MARC

LEADER 00000ntm a22000003a 4500
001 stu145481
005 20150617225952.8
008 070918s2007------------------------slo-d
040 |a STU  |b slo 
041 0 |a slo 
100 1 |a Jendruch, Matúš,  |d 1980-  |4 aut  |u E230  |U FEI Fakulta elektrotechniky a informatiky  |T FEI Katedra rádioelektroniky  |X 27440  |U E230  |Y 71  |7 A000027440 
245 1 |a Systém pre automatickú výmenu roztokov v elektrofyziologickom experimente = Automatic Solution Exchange System for Electrophysiological Experiments 
260 |a Bratislava :  |b STU v Bratislave FEI,  |c 2007 
300 |a 67 s 
650 7 |a Rádioelektronika  |2 stusub 
650 7 |a číslicové spracovanie dát  |2 stusub 
650 7 |a elektrofyziológia  |2 stusub 
700 1 |a Novák, Pavel  |4 ths 
700 1 |a Záhradník, Ivan  |4 ths 
700 1 |a Cocherová, Elena,  |d 1970-  |4 ths  |u E030  |U FEI Fakulta elektrotechniky a informatiky  |T FEI Ústav elektroniky a fotoniky  |X 1900  |U E030  |Y 549  |7 A000001900